000 00266nam a2200097Ia 4500
082 _aLP EF OLIV
245 0 _aA disgraceful affair
100 _a Oliver, Marina, , 1934- Leicester, 2009
_999796
942 _cBK
008 210817s9999 xx 000 0 und d
999 _c425237
_d425236